|
|
|
|
| LEADER |
00742nam a22001697a 4500 |
| 003 |
OSt |
| 008 |
160708b xxu||||| |||| 00| 0 eng d |
| 020 |
|
|
|a 978-07456-3211-7
|
| 082 |
|
|
|a 337 HEL/G
|
| 245 |
|
|
|a Globalization theory: approaches and controversies/
|
| 260 |
|
|
|a Cambridge:
|b Polity,
|c 2007.
|
| 300 |
|
|
|a 273p.
|
| 942 |
|
|
|2 ddc
|c BK
|
| 999 |
|
|
|c 338609
|d 338609
|
| 700 |
|
|
|e editor.
|a Held, David and McGrew, Anthony, ed.
|
| 952 |
|
|
|0 0
|1 0
|4 0
|6 337_000000000000000_HEL_G
|7 0
|9 388602
|a POL
|b POL
|c ST1
|d 2011-08-03
|g 0.00
|i POL1256
|l 1
|o 337 HEL/G
|p POL1256
|r 2013-07-02
|s 2013-06-05
|w 2018-08-20
|y BK
|
| 952 |
|
|
|0 0
|1 0
|4 0
|6 337_000000000000000_HEL_G
|7 0
|9 388603
|a POL
|b POL
|c ST1
|d 2011-10-31
|g 0.00
|i POL858
|l 2
|o 337 HEL/G
|p POL858
|r 2015-01-17
|s 2014-12-22
|w 2018-08-20
|y BK
|